000 02171nam1a2200337 i 4500
001 RU\NLR\BIBL_A\011251722
005 20241103110950.0
010 _a9785996112302
035 _a(NLR Aleph) 011251722
090 _a12170843
_c12170843
100 _a20160824g20169999k y0rusy50 ca
101 0 _arus
102 _aRU
105 _a| z 100yy
200 1 _aНовые технологии - нефтегазовому региону
_eматериалы международной научно-практической конференции студентов, аспирантов и молодых ученых
_f[отв. ред.: к.т.н., доц. П.В. Евтин]
210 _aТюмень
_cТИУ
_d2016
215 _d20
300 _aВ надзаг.: М-во образования и науки Рос. Федерации, Федер. гос. бюджет. образоват. учреждение высш. образования "Тюмен. индустр. ун-т"
606 _aЕстественные газы
_jСъезды, совещания и т.п.
_xДобыча
_91319948
_3RU\NLR\auth\66232359
606 1 _aНефть
_jСъезды, совещания и т.п
_xМесторождения
_yСибирь Западная
_91197324
_3RU\NLR\AUTH\66166169
606 1 _aНефть
_jСъезды, совещания и т.п.
_xДобыча
_91080697
_3RU\NLR\auth\66422365
606 1 _aНефтегазовая промышленность
_jСъезды, совещания и т.п.
_yТюменская область
_92358110
_3RU\NLR\auth\661408378
686 1 _aИ36я431(0)
686 1 _aУ30(2)565.2(2Р-4Тю)я431
686 1 _aД454.1-09(2Р53)я431(0)
702 1 _aЕвтин
_bП. В.
_gПавел Владимирович
_4340
711 1 2 _a"Новые технологии - нефтегазовому региону", международная научно-практическая конференция студентов, аспирантов и молодых ученых
_eТюмень
_f2016
_9486810
_3RU\NLR\AUTH\880410575
852 _aNLR
_j2016-3/25228
942 _cBOOK